Сб. № 83/40 : Методики измерения и аппаратура для исследования действия взрыва; Взрывное дело

書誌詳細
Parent link:Взрывное дело: [сборник статей]/ Научно-техническое горное общество. Сб. № 83/40 : Методики измерения и аппаратура для исследования действия взрыва.— , 1960-1990
その他の著者: Родионов В. Н. Владимир Николаевич (редактор), Фомичев А. Г.
言語:ロシア語
出版事項: Москва, Недра, 1982
主題:
フォーマット: 図書
KOHA link:https://koha.lib.tpu.ru/cgi-bin/koha/opac-detail.pl?biblionumber=311178

MARC

LEADER 00000nam2a2200000 4500
001 311178
005 20231102002348.0
020 |a RU  |b 82-10700ж 
035 |a (RuTPU)RU\TPU\book\336533 
090 |a 311178 
100 |a 20151203a1982 km y0rusy5003 ca 
101 0 |a rus 
102 |a RU 
105 |a a z 001zy 
200 0 |a Сб. № 83/40 : Методики измерения и аппаратура для исследования действия взрыва  |g под ред. В. Н. Родионова, А. Г. Фомичева 
210 |a Москва  |c Недра  |d 1982 
215 |a 252 с.  |c ил. 
320 |a Библиогр. в конце ст. 
461 1 |0 (RuTPU)RU\TPU\book\218495  |t Взрывное дело  |o [сборник статей]  |f Научно-техническое горное общество  |v Сб. № 83/40 : Методики измерения и аппаратура для исследования действия взрыва  |d 1960-1990 
606 1 |a Взрыв  |2 stltpush  |3 (RuTPU)RU\TPU\subj\32958  |9 55331 
610 1 |a взрыв в грунте 
610 1 |a исследования 
610 1 |a измерения 
610 1 |a аппаратура 
610 1 |a методика 
610 1 |a приборы 
610 1 |a измерительные каналы 
610 1 |a вспомогательная аппаратура 
610 1 |a оптическая аппаратура 
675 |a 662.2  |z rus  |v 3 
702 1 |a Родионов  |b В. Н.  |g Владимир Николаевич  |4 340 
702 1 |a Фомичев  |b А. Г.  |4 340 
801 0 |a RU  |b RuMRKP  |c 19950704  |g psbo 
801 1 |a RU  |b 63413507  |c 20151203 
801 2 |a RU  |b 63413507  |c 20191016  |g RCR 
942 |c BK